000 01324nam a2200217Ia 4500
999 _c56098
_d56098
001 23199
003 GE_BSU
005 20230724151146.0
008 181216s1979||||ge |||||||||||||| ||geo||
040 _cGE_BSU
041 _ageo
080 _a821.133.1-31 რ-57
100 _aრაბლე, ფრანსუა
_916247
245 _aამბავი საზარელი ცხოვრებისა პანტაგრუელის მამის დიდი გარგანტუასი /
_cფრანსუა რაბლე ; თარგმნა გ. გოგიაშვილმა ; ილუსტრაციები გუსტავ დორესი ; შესავალი წერილის ავტ. ილია ჭავჭავაძე ; ბოლოსიტყვ. გ. ბუაჩიძისა.
264 _aთბილისი :
_bსაბჭ. საქართველო,
_c1979.
300 _a271 გვ. ;
_c16 სმ.
541 _h1ლ.60თ.
653 _aამბავი საზარელი ცხოვრებისა პანტაგრუელის მამის დიდი გარგანტუასი
700 _aგოგიაშვილი, გ.
_eმთარგმნელი
_95718
942 _cBK
_2udc